| 000 | 00537nam a22001817a 4500 | ||
|---|---|---|---|
| 003 | OSt | ||
| 005 | 20180116183055.0 | ||
| 008 | 160907b xxu||||| |||| 00| 0 eng d | ||
| 020 | _a0198511914 | ||
| 040 | _c0 | ||
| 082 | _a510.71141 MAT 1995 | ||
| 100 | _aEdited by L.R. Mustoe and S. Hibberd | ||
| 245 |
_aMathematical Education of Engineers _cEdited by L.R. Mustoe and S. Hibberd |
||
| 260 |
_aNew York _bOxford University Press _c1995 |
||
| 300 |
_a383 p. _bHB |
||
| 440 | _aMathematical Education of Engineers | ||
| 942 |
_2ddc _cBK |
||
| 999 |
_c351806 _d351806 |
||